[Event "Madrid-ch Previa-B"]
[Site "Madrid"]
[Date "2019.02.07"]
[Round "3"]
[White "Farinas Lucas, Juan Antonio"]
[Black "Garcia Pardo, Maria del Carmen"]
[Result "0-1"]
[WhiteElo "1479"]
[BlackElo "1631"]
[PlyCount "62"]
[EventDate "2019.02.01"]
[EventType "swiss"]
[EventRounds "9"]
[EventCountry "ESP"]
[SourceTitle "CBM 189 Extra"]
[Source "ChessBase"]
[SourceDate "2019.06.03"]
[SourceVersion "1"]
[SourceVersionDate "2019.06.03"]
[SourceQuality "1"]

1. e4 e5 2. Nf3 Nc6 3. Bb5 a6 4. Bxc6 dxc6 5. 0-0 Bg4 6. d3 Bd6 7. h3 Be6 8. Be3 f6 9. Nbd2 c5 10. c3 Ne7 11. d4 cxd4 12. cxd4 exd4 13. Nxd4 Bd7 14. Re1 Qc8 15. Qf3 0-0 16. Nc4 Bc5 17. Rad1 b5 18. Nd2 Ba7 19. Nf1 c5 20. Nc2 Bc6 21. Qg4 Qb7 22. Qe6+ Kh8 23. f3 Rae8 24. Qg4 f5 25. exf5 Nxf5 26. Bf2 Rxe1 27. Bxe1 Qc7 28. Ng3 c4+ 29. Kh1 Bb8 30. f4 Nh6 31. Bd2 Nxg4 0-1

[Event "ESP-ch U14"]
[Site "Granada"]
[Date "2016.07.11"]
[Round "1"]
[White "Garcia Pardo, Maria del Carmen"]
[Black "Guerra Rivera, Salvador"]
[Result "0-1"]
[WhiteElo "1541"]
[BlackElo "2185"]
[PlyCount "54"]
[EventDate "2016.07.11"]
[EventType "swiss"]
[EventRounds "9"]
[EventCountry "ESP"]
[SourceTitle "EXT 2024"]
[Source "ChessBase"]
[SourceDate "2023.10.10"]
[SourceVersion "1"]
[SourceVersionDate "2023.10.10"]
[SourceQuality "1"]

1. e4 d6 2. d4 e5 3. Nf3 exd4 4. Nxd4 Nf6 5. Nc3 Be7 6. Bc4 0-0 7. h3 Nxe4 8. Nxe4 d5 9. Bd3 dxe4 10. Bxe4 Bf6 11. c3 Re8 12. Qd3 Bxd4 13. cxd4 f5 14. 0-0 fxe4 15. Qc3 Be6 16. Re1 Bd5 17. Bf4 Nc6 18. a3 Qf6 19. Be3 a5 20. Rad1 Re6 21. Qd2 Rf8 22. Rc1 Qh4 23. Bg5 e3 24. Bxe3 Rg6 25. Kf1 Bxg2+ 26. Ke2 Qe4 27. Qc2 Nb8 0-1

[Event "Madrid-ch Previa-B"]
[Site "Madrid"]
[Date "2016.02.26"]
[Round "8"]
[White "Barragan Panal, Juan Jose"]
[Black "Garcia Pardo, Maria del Carmen"]
[Result "1-0"]
[WhiteElo "1681"]
[BlackElo "1429"]
[PlyCount "135"]
[EventDate "2016.02.04"]
[EventType "swiss"]
[EventRounds "9"]
[EventCountry "ESP"]
[SourceTitle "CBM 171 Extra"]
[Source "ChessBase"]
[SourceDate "2016.04.26"]
[SourceVersion "1"]
[SourceVersionDate "2016.04.26"]
[SourceQuality "1"]

1. Nf3 Nf6 2. c4 e6 3. g3 b6 4. Bg2 Bb7 5. 0-0 Be7 6. b3 0-0 7. Bb2 c5 8. d4 d5 9. Nbd2 Nc6 10. Re1 Qc7 11. cxd5 exd5 12. a3 Rfe8 13. Rc1 Qd6 14. dxc5 bxc5 15. e4 dxe4 16. Nxe4 Qxd1 17. Rcxd1 Nxe4 18. Rxe4 Bf8 19. Rde1 Rxe4 20. Rxe4 Nd4 21. Re3 Nxf3+ 22. Bxf3 Bxf3 23. Rxf3 Rd8 24. Be5 f6 25. Bf4 Rd1+ 26. Kg2 Bd6 27. Bxd6 Rxd6 28. Rc3 Ra6 29. a4 Rc6 30. b4 c4 31. Kf3 Kf7 32. Ke4 Re6+ 33. Kd4 Re2 34. Kxc4 Rxf2 35. h4 Re2 36. Kb5 Re5+ 37. Rc5 Re7 38. Ka6 Kg6 39. Rb5 f5 40. Rb7 Re3 41. Kxa7 Rxg3 42. Rc7 f4 43. Rc4 Kf5 44. b5 f3 45. Rc1 Ke4 46. b6 f2 47. Rf1 Ra3 48. Rxf2 Rxa4+ 49. Kb8 Kd5 50. Rc2 Kd6 51. b7 Kd7 52. Rc7+ Kd8 53. Rxg7 Rxh4 54. Ka7 Ra4+ 55. Kb6 Rb4+ 56. Kc6 Rb1 57. Rg8+ Ke7 58. b8Q Rxb8 59. Rxb8 Kf6 60. Kd5 Kg5 61. Ke4 Kg4 62. Rg8+ Kh4 63. Kf3 Kh5 64. Kg3 h6 65. Ra8 Kg5 66. Ra5+ Kg6 67. Kg4 Kg7 68. Kh5 1-0

[Event "Madrid-ch Previa-B"]
[Site "Madrid"]
[Date "2016.02.12"]
[Round "4"]
[White "Ruiz Bazaga, Miriam"]
[Black "Garcia Pardo, Maria del Carmen"]
[Result "1/2-1/2"]
[WhiteElo "1590"]
[BlackElo "1429"]
[PlyCount "56"]
[EventDate "2016.02.04"]
[EventType "swiss"]
[EventRounds "9"]
[EventCountry "ESP"]
[SourceTitle "CBM 171 Extra"]
[Source "ChessBase"]
[SourceDate "2016.04.26"]
[SourceVersion "1"]
[SourceVersionDate "2016.04.26"]
[SourceQuality "1"]

1. e4 e5 2. Nf3 Nc6 3. Bc4 Bc5 4. Nc3 Nf6 5. d3 h6 6. 0-0 d6 7. Be3 Bb6 8. Rb1 Na5 9. Bxb6 axb6 10. Bb3 Nxb3 11. axb3 Bg4 12. Re1 Nh7 13. h3 Bh5 14. g4 Bg6 15. Ne2 Ng5 16. Kg2 Nxf3 17. Kxf3 Qf6+ 18. Kg2 h5 19. f3 Qh4 20. Rh1 Kd7 21. Ng3 Rae8 22. d4 Qf6 23. d5 Qf4 24. Qd3 hxg4 25. hxg4 Rxh1 26. Rxh1 Ra8 27. Ne2 Qg5 28. Nc3 Qd8 1/2-1/2

[Event "Madrid San Viator op-B 25th"]
[Site "Madrid"]
[Date "2015.11.01"]
[Round "6"]
[White "Martin Rodriguez, Jose Luis"]
[Black "Garcia Pardo, Maria del Carmen"]
[Result "0-1"]
[WhiteElo "1413"]
[BlackElo "1322"]
[PlyCount "92"]
[EventDate "2015.10.04"]
[EventType "swiss"]
[EventRounds "9"]
[EventCountry "ESP"]
[SourceTitle "EXT 2019"]
[Source "ChessBase"]
[SourceDate "2018.10.10"]
[SourceVersion "1"]
[SourceVersionDate "2018.10.10"]
[SourceQuality "1"]

1. e4 e5 2. Nf3 Nc6 3. d4 exd4 4. Nxd4 Nf6 5. Nxc6 bxc6 6. e5 Nd5 7. c4 Nb6 8. b3 f6 9. Bd3 Bb4+ 10. Bd2 Bxd2+ 11. Nxd2 Qe7 12. 0-0 Bb7 13. Qh5+ Qf7 14. Qxf7+ Kxf7 15. exf6 Kxf6 16. Rfe1 h6 17. Re2 Rhe8 18. Rae1 Rxe2 19. Rxe2 Kf7 20. f4 c5 21. h4 Kf8 22. Kf2 Re8 23. Rxe8+ Kxe8 24. g3 Ke7 25. Ke3 Ke6 26. Ne4 d6 27. Nc3 a6 28. g4 Kf7 29. Ne4 Nd7 30. Be2 Nf6 31. Nxf6 Kxf6 32. Bf3 Bc8 33. g5+ hxg5 34. fxg5+ Ke5 35. Be4 Bg4 36. Bc2 Bf5 37. Bxf5 Kxf5 38. Kf3 g6 39. a3 a5 40. Kg3 c6 41. Kf3 d5 42. cxd5 cxd5 43. Ke3 Kg4 44. b4 cxb4 45. axb4 axb4 46. Kd4 Kxh4 0-1